000 00304nam a22001457a 4500
008 210607b ||||| |||| 00| 0 eng d
020 _a0870063960
041 _aeng
080 _a621
082 _a621
100 _a26
101 _aMEK
245 _aMetalworking
_cT. Gardner Boyd
942 _2udc
_cBK
999 _c58016
_d58016